[Event "Austin Spring GM"]
[Site "Austin"]
[Date "2025.06.15"]
[Round "8.2"]
[White "Nagy, Gabor"]
[Black "Galaviz Medina, Sion Radamantys"]
[Result "0-1"]
[WhiteElo "2463"]
[BlackElo "2503"]
[PlyCount "80"]
[EventDate "2025.06.11"]
[EventType "tourn"]
[EventRounds "9"]
[EventCountry "USA"]
[EventCategory "6"]
[SourceTitle "CB25_2025"]
[SourceDate "2025.06.18"]
[SourceVersion "1"]
[SourceVersionDate "2025.06.18"]
[SourceQuality "1"]

1. c4 e6 2. Nc3 d5 3. d4 Nf6 4. cxd5 exd5 5. Bg5 Be7 6. e3 0-0 7. Bd3 h6 8. Bh4 Re8 9. Nge2 c6 10. 0-0 Nbd7 11. a4 Nh5 12. Bxe7 Qxe7 13. a5 Nhf6 14. Qc2 Nf8 15. Ng3 h5 16. a6 b6 17. Nce2 Qc7 18. Rac1 Bd7 19. Nf4 h4 20. Nf5 g6 21. Nh6+ Kg7 22. Nxf7 Kxf7 23. Bxg6+ Kg7 24. Bxe8 Rxe8 25. Rfe1 Qd6 26. f3 Rxe3 27. Rxe3 Qxf4 28. Re7+ Kh6 29. Rd1 Ne6 30. Rxd7 Nxd7 31. Qxc6 Qe3+ 32. Kf1 h3 33. Qxd7 hxg2+ 34. Kxg2 Nf4+ 35. Kg3 Nh5+ 36. Kh3 Qxf3+ 37. Kh4 Qf2+ 38. Kh3 Qe3+ 39. Kh4 Qg5+ 40. Kh3 Nf4# 0-1

[Event "Austin Spring GM"]
[Site "Austin"]
[Date "2025.06.13"]
[Round "4.2"]
[White "Galaviz Medina, Sion Radamantys"]
[Black "Sandoval Mercado, Carlos"]
[Result "1-0"]
[WhiteElo "2503"]
[BlackElo "2389"]
[PlyCount "103"]
[EventDate "2025.06.11"]
[EventType "tourn"]
[EventRounds "9"]
[EventCountry "USA"]
[EventCategory "6"]
[SourceTitle "CB25_2025"]
[SourceDate "2025.06.18"]
[SourceVersion "1"]
[SourceVersionDate "2025.06.18"]
[SourceQuality "1"]

1. d4 d5 2. c4 e6 3. Nc3 Bb4 4. e3 Nf6 5. a3 Be7 6. Nf3 b6 7. cxd5 exd5 8. Bd3 0-0 9. 0-0 c5 10. dxc5 bxc5 11. e4 dxe4 12. Nxe4 Ba6 13. Bxa6 Nxa6 14. Nc3 Qc8 15. Re1 Re8 16. Be3 Nc7 17. Rc1 Qb7 18. Re2 Ng4 19. Bg5 Ne6 20. Bxe7 Rxe7 21. Qa4 Nf6 22. Rce1 Rd7 23. Ne5 Rd4 24. Qb5 Rb8 25. Qxb7 Rxb7 26. g3 Rb6 27. Kg2 g6 28. Rc1 Kg7 29. Nf3 Rd3 30. Na4 Rb5 31. Rd2 Rxd2 32. Nxd2 Nd5 33. Ne4 Nb6 34. Naxc5 Nxc5 35. Rxc5 Rxb2 36. Rc7 a5 37. Ng5 Nd5 38. Rxf7+ Kg8 39. Rf3 a4 40. Ne6 h5 41. Nc5 Nb6 42. h3 Rb5 43. Rf6 Kg7 44. Rc6 Kf7 45. h4 Kg7 46. Ne6+ Kf7 47. Nf4 Nd5 48. Rc4 Nxf4+ 49. Rxf4+ Ke6 50. Rxa4 Rb3 51. Re4+ Kd5 52. Rb4 1-0

[Event "Austin Spring GM"]
[Site "Austin"]
[Date "2025.06.12"]
[Round "3.4"]
[White "Shafer, Logan Clark"]
[Black "Galaviz Medina, Sion Radamantys"]
[Result "1/2-1/2"]
[WhiteElo "2217"]
[BlackElo "2503"]
[PlyCount "91"]
[EventDate "2025.06.11"]
[EventType "tourn"]
[EventRounds "9"]
[EventCountry "USA"]
[EventCategory "6"]
[SourceTitle "CB25_2025"]
[SourceDate "2025.06.18"]
[SourceVersion "1"]
[SourceVersionDate "2025.06.18"]
[SourceQuality "1"]

1. Nf3 d5 2. d4 Nf6 3. c4 e6 4. g3 Be7 5. Bg2 Ne4 6. 0-0 f5 7. Qc2 Nd7 8. Nc3 c6 9. Rd1 0-0 10. Ne5 Nxe5 11. dxe5 Nxc3 12. Qxc3 Bd7 13. Be3 a5 14. Rac1 a4 15. cxd5 exd5 16. Bc5 Bxc5 17. Qxc5 Be6 18. Qd4 Qe7 19. e3 Ra5 20. a3 Rfa8 21. Rd2 Rb5 22. Bf1 c5 23. Qc3 c4 24. Bg2 Qc5 25. Rcd1 Rb3 26. Rxd5 Bxd5 27. Bxd5+ Kh8 28. Qxc4 Qe7 29. Qc2 Rb5 30. f4 Rd8 31. Bc4 Rc8 32. Qxf5 Rxc4 33. Qd3 Qf7 34. Qd8+ Qg8 35. e6 h6 36. e7 Re4 37. Qd3 Qb3 38. Qxb3 Rxb3 39. Rd8+ Kh7 40. e8Q Rxe8 41. Rxe8 Rxb2 42. Ra8 b5 43. e4 Kg6 44. Ra6+ Kf7 45. e5 Rb3 46. Rb6 1/2-1/2

[Event "Austin Spring GM"]
[Site "Austin"]
[Date "2025.06.11"]
[Round "1.3"]
[White "Amburgy, Ryan"]
[Black "Galaviz Medina, Sion Radamantys"]
[Result "1/2-1/2"]
[WhiteElo "2332"]
[BlackElo "2503"]
[PlyCount "40"]
[EventDate "2025.06.11"]
[EventType "tourn"]
[EventRounds "9"]
[EventCountry "USA"]
[EventCategory "6"]
[SourceTitle "CB25_2025"]
[SourceDate "2025.06.18"]
[SourceVersion "1"]
[SourceVersionDate "2025.06.18"]
[SourceQuality "1"]

1. Nf3 d5 2. d4 Nf6 3. c4 e6 4. Nc3 Bb4 5. Qa4+ Nc6 6. e3 0-0 7. Bd2 Re8 8. a3 Bf8 9. Be2 Bd7 10. Qc2 a6 11. 0-0 h6 12. Rad1 Bd6 13. e4 dxe4 14. Nxe4 Nxe4 15. Qxe4 e5 16. d5 Nd4 17. Nxd4 exd4 18. Qf3 c5 19. Rfe1 Qh4 20. g3 Qe4 1/2-1/2

[Event "Punta del Este"]
[Site "Punta del Este"]
[Date "2025.03.15"]
[Round "2"]
[White "Galaviz Medina, Sion Radamantys"]
[Black "Rodriguez Vila, Andres"]
[Result "0-1"]
[WhiteElo "2501"]
[BlackElo "2429"]
[PlyCount "140"]
[EventDate "2025.03.14"]
[EventType "tourn"]
[EventRounds "10"]
[EventCountry "URU"]
[EventCategory "10"]
[SourceTitle "CB13_2025"]
[SourceDate "2025.03.26"]
[SourceVersion "1"]
[SourceVersionDate "2025.03.26"]
[SourceQuality "1"]

1. d4 e6 2. c4 d5 3. Nc3 f5 4. Nf3 Nf6 5. g3 c6 6. Bg2 Bd6 7. 0-0 0-0 8. b3 Nbd7 9. Bb2 b6 10. cxd5 exd5 11. Qc2 Qe7 12. Qxf5 Ne4 13. Qh5 Ndf6 14. Qh4 Nxc3 15. Bxc3 Qxe2 16. Rfe1 Qc2 17. Rec1 Qf5 18. Qg5 Ne4 19. Qxf5 Bxf5 20. Be1 c5 21. dxc5 Bxc5 22. Rd1 Bg4 23. Rd3 a5 24. h3 Bf5 25. Rxd5 Rae8 26. g4 Bc8 27. Rc1 Bb7 28. Re5 Ng3 29. Rxe8 Rxe8 30. Rd1 Ne2+ 31. Kh2 Nf4 32. Bh1 h6 33. h4 Ba6 34. Bc3 Nd3 35. Rd2 Bd6+ 36. Kg1 Re4 37. Bg2 Rxg4 38. Nh2 Rxh4 39. Nf1 Bc5 40. Ne3 Rh5 41. Bd5+ Kf8 42. Be4 Nf4 43. Bb2 Ne2+ 44. Kg2 Rg5+ 45. Kh2 Bb4 46. Rd7 Bb5 47. Rd1 Nc3 48. Bxc3 Bxc3 49. Nd5 Be5+ 50. f4 Bd6 51. Kh1 Rh5+ 52. Kg2 Bc6 53. Kf3 Rh3+ 54. Kg2 Rh4 55. Kf3 b5 56. Rd4 g5 57. fxg5 hxg5 58. Rd2 g4+ 59. Ke3 g3 60. Rc2 Bb7 61. Bf3 Rh6 62. Kd3 Rh3 63. Bg2 Rh2 64. Kd4 Kf7 65. Re2 b4 66. Rc2 Rh4+ 67. Ke3 Bb8 68. Kd3 Be5 69. Ke3 Rh2 70. Ke4 Rxg2 0-1

[Event "Wch U20 62nd"]
[Site "Petrovac"]
[Date "2025.03.07"]
[Round "11"]
[White "Galaviz Medina, Sion Radamantys"]
[Black "Dau, Khuong Duy"]
[Result "1-0"]
[WhiteElo "2501"]
[BlackElo "2411"]
[PlyCount "111"]
[EventDate "2025.02.25"]
[EventType "swiss"]
[EventRounds "11"]
[EventCountry "MNE"]
[SourceTitle "CB11_2025"]
[SourceDate "2025.03.12"]
[SourceVersion "1"]
[SourceVersionDate "2025.03.12"]
[SourceQuality "1"]

1. d4 Nf6 2. c4 g6 3. Nc3 Bg7 4. e4 d6 5. Be2 0-0 6. Nf3 e5 7. 0-0 Bg4 8. Be3 Nbd7 9. Re1 a5 10. dxe5 dxe5 11. c5 Qe7 12. Qc2 c6 13. Na4 Rfd8 14. Rad1 Rab8 15. Bd2 Ra8 16. h3 Bxf3 17. Bxf3 h5 18. Be3 Nh7 19. Qb3 Ndf8 20. Nb6 Rab8 21. Rxd8 Rxd8 22. Rd1 Rxd1+ 23. Bxd1 Nf6 24. Nc8 Qd7 25. Nd6 b5 26. a4 bxa4 27. Qb7 Qxb7 28. Nxb7 a3 29. bxa3 Nxe4 30. Ba4 Nc3 31. Bxc6 Ne6 32. Be8 Kf8 33. Nd6 Ne2+ 34. Kf1 N2d4 35. Bxf7 Nxc5 36. Bxg6 h4 37. Nc4 a4 38. Bg5 e4 39. Bxh4 Nb5 40. Bg5 Bd4 41. h4 Nc3 42. h5 Ne6 43. Bd2 Kg7 44. Nd6 Nb1 45. Bc1 Bc5 46. Bb2+ Kf8 47. Nc4 Bd4 48. Bxd4 Nxd4 49. h6 Nb5 50. Be8 N5c3 51. Bc6 Kg8 52. g4 Kh7 53. g5 Kg6 54. Bd7 e3 55. fxe3 Ne4 56. Ne5+ 1-0

[Event "Wch U20 62nd"]
[Site "Petrovac"]
[Date "2025.03.01"]
[Round "5"]
[White "Galaviz Medina, Sion Radamantys"]
[Black "Palczert, Matyas"]
[Result "1-0"]
[WhiteElo "2501"]
[BlackElo "2409"]
[PlyCount "89"]
[EventDate "2025.02.25"]
[EventType "swiss"]
[EventRounds "11"]
[EventCountry "MNE"]
[SourceTitle "CB11_2025"]
[SourceDate "2025.03.12"]
[SourceVersion "1"]
[SourceVersionDate "2025.03.12"]
[SourceQuality "1"]

1. d4 Nf6 2. c4 e6 3. Nc3 d5 4. cxd5 exd5 5. Bg5 c6 6. e3 h6 7. Bh4 Be7 8. Bd3 0-0 9. Nge2 Ne8 10. Bg3 Nd6 11. Bf4 Re8 12. Ng3 Bf8 13. 0-0 a5 14. b3 Na6 15. Rc1 Be6 16. f3 Nc7 17. a4 Nc8 18. Bb1 Na6 19. Be5 f6 20. Qd3 fxe5 21. Qh7+ Kf7 22. Bg6+ Ke7 23. dxe5 Kd7 24. f4 Bc5 25. Bxe8+ Qxe8 26. f5 Bxe3+ 27. Kh1 Bxc1 28. Qxg7+ Kd8 29. Rxc1 Bg8 30. e6 Nd6 31. Re1 Nc5 32. Qxh6 Kc7 33. Qg7+ Kb8 34. Qe5 Kc7 35. Nge2 Qf8 36. Nf4 Re8 37. Ncxd5+ cxd5 38. Nxd5+ Kc6 39. b4 Bxe6 40. b5+ Kd7 41. Nb6+ Kd8 42. Qxc5 Bxf5 43. Rd1 Re6 44. Qc8+ Ke7 45. Qc7+ 1-0

[Event "Wch U20 62nd"]
[Site "Petrovac"]
[Date "2025.02.27"]
[Round "3"]
[White "Galaviz Medina, Sion Radamantys"]
[Black "Wong, Zhenyong Jayden"]
[Result "1/2-1/2"]
[WhiteElo "2501"]
[BlackElo "2393"]
[PlyCount "110"]
[EventDate "2025.02.25"]
[EventType "swiss"]
[EventRounds "11"]
[EventCountry "MNE"]
[SourceTitle "CB11_2025"]
[SourceDate "2025.03.12"]
[SourceVersion "1"]
[SourceVersionDate "2025.03.12"]
[SourceQuality "1"]

1. d4 d5 2. c4 e6 3. Nf3 Nf6 4. Nc3 c5 5. cxd5 cxd4 6. Qxd4 exd5 7. Bg5 Be7 8. e3 0-0 9. Be2 Nc6 10. Qd3 h6 11. Bh4 Qb6 12. 0-0 Rd8 13. Rfd1 Be6 14. Nb5 Rac8 15. Nbd4 Bd7 16. h3 g5 17. Bg3 Ne4 18. Nxc6 bxc6 19. Be5 Bf5 20. Qa6 f6 21. Qxb6 axb6 22. Bh2 Bd6 23. Bxd6 Nxd6 24. Rac1 Kf7 25. Nd4 Bd7 26. Nc2 c5 27. Bf3 Be6 28. Bxd5 Bxd5 29. Rxd5 Nc4 30. Rxd8 Rxd8 31. b3 Ne5 32. Ne1 Ra8 33. Rc2 Nc6 34. Nd3 Rd8 35. Rc3 Ne7 36. Nb2 Rd2 37. Nc4 Rd1+ 38. Kh2 b5 39. Na5 Rd2 40. Rxc5 Rxf2 41. Rxb5 Rxa2 42. Nc4 Ng6 43. Nd6+ Ke6 44. Nf5 Ne5 45. Nd4+ Kf7 46. Rc5 Rb2 47. Rc2 Rb1 48. e4 h5 49. Kg3 Rd1 50. Rc7+ Ke8 51. Ne6 Rd3+ 52. Kf2 Rxb3 53. Rh7 h4 54. Nc7+ Kf8 55. Nd5 Rb2+ 1/2-1/2

[Event "Qatar Masters op-A"]
[Site "Doha"]
[Date "2024.12.10"]
[Round "7"]
[White "Galaviz Medina, Sion Radamantys"]
[Black "Ahmad, Khagan"]
[Result "1/2-1/2"]
[WhiteElo "2508"]
[BlackElo "2403"]
[PlyCount "106"]
[EventDate "2024.12.03"]
[EventType "swiss"]
[EventRounds "9"]
[EventCountry "QAT"]
[SourceTitle "CB51_2024"]
[SourceDate "2024.12.18"]
[SourceVersion "1"]
[SourceVersionDate "2024.12.18"]
[SourceQuality "1"]

1. d4 Nf6 2. c4 e6 3. Nc3 Bb4 4. e3 0-0 5. a3 Bxc3+ 6. bxc3 b6 7. Bd3 Bb7 8. f3 c5 9. Ne2 Nc6 10. 0-0 Na5 11. e4 Ne8 12. dxc5 bxc5 13. Ng3 Ba6 14. Qe2 Nb3 15. Rb1 Nxc1 16. Rbxc1 Qh4 17. Qe3 d6 18. f4 Nf6 19. h3 Nd7 20. Kh2 Nb6 21. a4 Bxc4 22. a5 Bxd3 23. Qxd3 Nd7 24. Qxd6 Rad8 25. Rf3 g5 26. Qc7 g4 27. Rd3 gxh3 28. Rxd7 Rxd7 29. Qxd7 Rd8 30. Qb5 Rd2 31. Qb8+ Rd8 32. Qb2 hxg2+ 33. Kxg2 Qxf4 34. Rc2 Rd3 35. Nf1 Rf3 36. Rf2 Rxf2+ 37. Qxf2 Qxe4+ 38. Kh2 Qc4 39. Qg3+ Kf8 40. Kg1 h5 41. Qe5 Qd5 42. Qb8+ Kg7 43. Qxa7 Qg5+ 44. Kf2 Qf4+ 45. Kg2 Qe4+ 46. Kf2 Qf4+ 47. Ke1 Qe4+ 48. Kd1 Qf3+ 49. Ke1 Qxc3+ 50. Kf2 Qb2+ 51. Ke1 Qe5+ 52. Kf2 Qf4+ 53. Ke1 Qc1+ 1/2-1/2

[Event "Qatar Masters op-A"]
[Site "Doha"]
[Date "2024.12.05"]
[Round "3"]
[White "Galaviz Medina, Sion Radamantys"]
[Black "Aradhya, Garg"]
[Result "1-0"]
[WhiteElo "2508"]
[BlackElo "2365"]
[PlyCount "111"]
[EventDate "2024.12.03"]
[EventType "swiss"]
[EventRounds "9"]
[EventCountry "QAT"]
[SourceTitle "CB51_2024"]
[SourceDate "2024.12.18"]
[SourceVersion "1"]
[SourceVersionDate "2024.12.18"]
[SourceQuality "1"]

1. d4 d5 2. c4 c6 3. Nf3 Nf6 4. e3 Bf5 5. Nc3 e6 6. Nh4 Bg6 7. Nxg6 hxg6 8. Bd2 Nbd7 9. Qb3 Qc7 10. cxd5 exd5 11. h4 Be7 12. Be2 Nb6 13. 0-0-0 a5 14. Kb1 Bb4 15. f3 Kf8 16. g4 Qe7 17. a3 Bxc3 18. Bxc3 Nc8 19. h5 g5 20. Bd2 Nd6 21. e4 dxe4 22. Bxg5 Qe6 23. Qxe6 fxe6 24. Rh2 Nd5 25. fxe4 Nxe4 26. Bc1 Ke7 27. Bd3 Nef6 28. g5 Ng4 29. Re2 Rxh5 30. Rg1 Nh2 31. Bf5 Rf8 32. Bxe6 Kd6 33. Rh1 Re8 34. Rexh2 Rxh2 35. Bxd5 Rxh1 36. Bxh1 Ke6 37. Be4 Rh8 38. Kc2 Rh3 39. a4 Rh4 40. Kd3 Rh3+ 41. Be3 Kd6 42. Bf5 Rh4 43. Bf2 Rh5 44. Bg3+ Ke7 45. Bf4 Kd8 46. Ke4 Rh4 47. Kf3 Ke7 48. Be5 Kf7 49. g6+ Kf8 50. Be6 Rh1 51. Bf7 Ke7 52. Bxg7 Rb1 53. Be5 Rxb2 54. Bc4 Rb4 55. g7 Rxc4 56. g8Q 1-0

[Event "Qatar Masters op-A"]
[Site "Doha"]
[Date "2024.12.03"]
[Round "1"]
[White "Galaviz Medina, Sion Radamantys"]
[Black "Jani Kushal, R."]
[Result "1-0"]
[WhiteElo "2508"]
[BlackElo "2326"]
[PlyCount "87"]
[EventDate "2024.12.03"]
[EventType "swiss"]
[EventRounds "9"]
[EventCountry "QAT"]
[SourceTitle "CB51_2024"]
[SourceDate "2024.12.18"]
[SourceVersion "1"]
[SourceVersionDate "2024.12.18"]
[SourceQuality "1"]

1. d4 Nf6 2. c4 e6 3. Nc3 Bb4 4. e3 0-0 5. Bd3 c5 6. Nge2 cxd4 7. exd4 d5 8. a3 Bxc3+ 9. Nxc3 dxc4 10. Bxc4 Nc6 11. Be3 b6 12. 0-0 Bb7 13. Qd3 h6 14. Rad1 Ne7 15. Bf4 Rc8 16. Ba2 Ned5 17. Be5 Nxc3 18. bxc3 Be4 19. Qe2 Bg6 20. c4 Re8 21. Qb2 Nd7 22. Bg3 Qe7 23. Rfe1 Qf8 24. a4 Qe7 25. a5 bxa5 26. c5 Qd8 27. Bc4 Nb8 28. Bd6 Qd7 29. Bb5 Qb7 30. Qe2 Red8 31. Rd2 a6 32. Bc4 Qb4 33. Rc1 Nc6 34. Qe3 a4 35. Qc3 a5 36. f3 Rxd6 37. cxd6 Qxd6 38. Ba6 Rc7 39. Bb5 Qb4 40. Qxb4 axb4 41. Bxa4 b3 42. Rxc6 Rxc6 43. Bxc6 Bc2 44. Be4 1-0

[Event "Mexico City Revolucion"]
[Site "Mexico City"]
[Date "2024.11.17"]
[Round "7"]
[White "Galaviz Medina, Sion Radamantys"]
[Black "Cuenca Jimenez, Jose Fernando"]
[Result "1-0"]
[WhiteElo "2507"]
[BlackElo "2482"]
[PlyCount "55"]
[EventDate "2024.11.13"]
[EventType "tourn"]
[EventRounds "9"]
[EventCountry "MEX"]
[EventCategory "8"]
[SourceTitle "CB47_2024"]
[SourceDate "2024.11.20"]
[SourceVersion "1"]
[SourceVersionDate "2024.11.20"]
[SourceQuality "1"]

1. d4 Nf6 2. c4 e6 3. Nc3 Bb4 4. e3 0-0 5. Bd3 d5 6. a3 Bxc3+ 7. bxc3 dxc4 8. Bxc4 c5 9. Ne2 Qc7 10. Bd3 Nc6 11. f4 b6 12. 0-0 Bb7 13. Ng3 Rad8 14. Bb2 Nd5 15. Qe1 cxd4 16. cxd4 f5 17. Rc1 Qb8 18. Bb1 Na5 19. e4 Nxf4 20. d5 exd5 21. Nxf5 Nc4 22. e5 Ng6 23. e6 Rde8 24. Bxg7 Rxf5 25. Bxf5 Qd6 26. Bd4 Re7 27. Bxg6 hxg6 28. Rf6 1-0

[Event "Mexico City Revolucion"]
[Site "Mexico City"]
[Date "2024.11.15"]
[Round "4"]
[White "Galaviz Medina, Sion Radamantys"]
[Black "Diaz Rosas, Julio Cesar"]
[Result "0-1"]
[WhiteElo "2507"]
[BlackElo "2411"]
[PlyCount "58"]
[EventDate "2024.11.13"]
[EventType "tourn"]
[EventRounds "9"]
[EventCountry "MEX"]
[EventCategory "8"]
[SourceTitle "CB47_2024"]
[SourceDate "2024.11.20"]
[SourceVersion "1"]
[SourceVersionDate "2024.11.20"]
[SourceQuality "1"]

1. d4 Nf6 2. c4 g6 3. Nc3 Bg7 4. e4 d6 5. Be2 c5 6. d5 e6 7. Be3 exd5 8. cxd5 Qe7 9. Qc2 0-0 10. Nf3 Bg4 11. 0-0 Nbd7 12. h3 Bxf3 13. Bxf3 a6 14. a4 Rfe8 15. g4 c4 16. Bg2 Ne5 17. f4 Nd3 18. e5 dxe5 19. f5 Qb4 20. a5 Rac8 21. Ra4 Qb3 22. Qd2 e4 23. Ra3 Qb4 24. Ra2 Qd6 25. fxg6 hxg6 26. Rxf6 Bxf6 27. Nxe4 Rxe4 28. Bxe4 Qg3+ 29. Bg2 Re8 0-1

[Event "Mexico City Revolucion"]
[Site "Mexico City"]
[Date "2024.11.13"]
[Round "1"]
[White "Ramos Silvera, Roberto Alejandro"]
[Black "Galaviz Medina, Sion Radamantys"]
[Result "0-1"]
[WhiteElo "2373"]
[BlackElo "2507"]
[PlyCount "82"]
[EventDate "2024.11.13"]
[EventType "tourn"]
[EventRounds "9"]
[EventCountry "MEX"]
[EventCategory "8"]
[SourceTitle "CB47_2024"]
[SourceDate "2024.11.20"]
[SourceVersion "1"]
[SourceVersionDate "2024.11.20"]
[SourceQuality "1"]

1. e4 c5 2. Nc3 d6 3. d4 cxd4 4. Qxd4 Nc6 5. Qd2 g6 6. b3 Bh6 7. f4 Nf6 8. Bb2 0-0 9. 0-0-0 e5 10. g3 a5 11. Bb5 Bg4 12. Nge2 Bf3 13. Rhf1 Nxe4 14. Nxe4 Bxe4 15. Nc3 Bf5 16. Bxc6 bxc6 17. Qxd6 Qxd6 18. Rxd6 exf4 19. gxf4 Rad8 20. Rxd8 Rxd8 21. Ne2 Bg4 22. Nd4 c5 23. Nc6 Be2 24. Nxd8 Bxf1 25. Nb7 Bxf4+ 26. Kd1 Bxh2 27. Nxc5 f5 28. c4 h5 29. Ke1 Bh3 30. Nd3 Bg3+ 31. Ke2 f4 32. Be5 g5 33. Kf3 Bg4+ 34. Ke4 h4 35. Nxf4 gxf4 36. Bxf4 Kf7 37. a3 Ke6 38. b4 a4 39. b5 Bf5+ 40. Kf3 Bxf4 41. Kxf4 Kd6 0-1

[Event "Olympiad-45"]
[Site "Budapest"]
[Date "2024.09.22"]
[Round "11.1"]
[White "Galaviz Medina, Sion Radamantys"]
[Black "Andersen, Mads"]
[Result "1-0"]
[WhiteElo "2488"]
[BlackElo "2598"]
[PlyCount "95"]
[EventDate "2024.09.11"]
[EventType "team-swiss"]
[EventRounds "11"]
[EventCountry "HUN"]
[SourceTitle "EXT 2025"]
[Source "ChessBase"]
[SourceDate "2024.10.14"]
[SourceVersion "1"]
[SourceVersionDate "2024.10.14"]
[SourceQuality "1"]
[WhiteTeam "Mexico"]
[BlackTeam "Denmark"]
[WhiteTeamCountry "MEX"]
[BlackTeamCountry "DEN"]

1. d4 d5 2. c4 dxc4 3. e3 Nf6 4. Bxc4 e6 5. Nf3 c5 6. 0-0 a6 7. Qe2 b5 8. Bd3 Nbd7 9. a4 c4 10. Bc2 Bb7 11. e4 Be7 12. Rd1 0-0 13. Nbd2 Qb6 14. Nf1 Rfd8 15. Ng3 Nf8 16. Be3 Ng6 17. Ne5 Rac8 18. f4 c3 19. b3 Nd7 20. Nf3 Nf6 21. Kh1 Ng4 22. Bc1 Qc7 23. f5 exf5 24. Nxf5 Bf8 25. e5 bxa4 26. Rxa4 Re8 27. Rc4 Qb6 28. Rxc8 Bxc8 29. h3 Nf6 30. Ng5 h6 31. Nxf7 Kxf7 32. Rf1 Bxf5 33. Bxf5 Nxe5 34. dxe5 Qc5 35. e6+ Kg8 36. Bg6 Rd8 37. Bf7+ Kh8 38. Bg6 Qb5 39. Qe1 Bb4 40. Bc2 Nh5 41. Rf5 Qe8 42. Qh4 g6 43. Rxh5 gxh5 44. Qf6+ Kg8 45. Bxh6 Bf8 46. Bxf8 Qxf8 47. Qg5+ Kh8 48. Qxh5+ 1-0

[Event "Aguascalientes 2nd"]
[Site "Aguascalientes"]
[Date "2024.08.11"]
[Round "9"]
[White "Obregon Rivero, Juan Carlos"]
[Black "Galaviz Medina, Sion Radamantys"]
[Result "0-1"]
[WhiteElo "2487"]
[BlackElo "2458"]
[PlyCount "74"]
[EventDate "2024.08.06"]
[EventType "swiss"]
[EventRounds "9"]
[EventCountry "MEX"]
[SourceTitle "CBM 221 Extra"]
[Source "ChessBase"]
[SourceDate "2024.09.30"]
[SourceVersion "1"]
[SourceVersionDate "2024.09.30"]
[SourceQuality "1"]

1. e4 c5 2. Nf3 d6 3. d4 cxd4 4. Nxd4 Nf6 5. Nc3 a6 6. Be3 e5 7. Nb3 Be7 8. h3 h6 9. g4 b5 10. Nd5 Bb7 11. Bb6 Qc8 12. Nc7+ Kf8 13. Bg2 Nbd7 14. Nxa8 Qxa8 15. Be3 Nxe4 16. Rg1 Ng5 17. Bxb7 Qxb7 18. Bxg5 hxg5 19. Qd3 g6 20. 0-0-0 Kg7 21. Kb1 Nb6 22. Rge1 Qc7 23. Nd2 d5 24. Qg3 Bd6 25. Qe3 e4 26. Qb3 Be5 27. Nf1 Qc5 28. Ne3 Rxh3 29. Nf5+ gxf5 30. Qxh3 Bf6 31. f4 fxg4 32. Qg3 Nc4 33. c3 b4 34. fxg5 Be5 35. Qg1 Qb5 36. Qf1 bxc3 37. b3 Nd2+ 0-1

[Event "Aguascalientes 2nd"]
[Site "Aguascalientes"]
[Date "2024.08.07"]
[Round "2"]
[White "Galaviz Medina, Sion Radamantys"]
[Black "Luna Javier, Edgar Froylan"]
[Result "1-0"]
[WhiteElo "2458"]
[BlackElo "2153"]
[PlyCount "59"]
[EventDate "2024.08.06"]
[EventType "swiss"]
[EventRounds "9"]
[EventCountry "MEX"]
[SourceTitle "CBM 221 Extra"]
[Source "ChessBase"]
[SourceDate "2024.09.30"]
[SourceVersion "1"]
[SourceVersionDate "2024.09.30"]
[SourceQuality "1"]

1. d4 Nf6 2. c4 g6 3. Nc3 d5 4. cxd5 Nxd5 5. e4 Nxc3 6. bxc3 Bg7 7. Bc4 c5 8. Ne2 Nc6 9. Be3 0-0 10. 0-0 Qc7 11. Rc1 Rd8 12. h4 b6 13. h5 Bb7 14. hxg6 hxg6 15. Nf4 Ne5 16. Bd5 e6 17. Bxb7 Qxb7 18. Qe2 Nd7 19. e5 Rac8 20. Rfd1 cxd4 21. cxd4 Rxc1 22. Bxc1 Nb8 23. d5 exd5 24. Qf3 Nc6 25. Nxd5 Bxe5 26. Bg5 Rd6 27. Nf6+ Kf8 28. Rxd6 Bxd6 29. Qh3 Ke7 30. Ne4+ 1-0

[Event "Aguascalientes 2nd"]
[Site "Aguascalientes"]
[Date "2024.08.06"]
[Round "1"]
[White "Herrera Amador, Julio Cesar"]
[Black "Galaviz Medina, Sion Radamantys"]
[Result "0-1"]
[WhiteElo "2000"]
[BlackElo "2458"]
[PlyCount "56"]
[EventDate "2024.08.06"]
[EventType "swiss"]
[EventRounds "9"]
[EventCountry "MEX"]
[SourceTitle "CBM 221 Extra"]
[Source "ChessBase"]
[SourceDate "2024.09.30"]
[SourceVersion "1"]
[SourceVersionDate "2024.09.30"]
[SourceQuality "1"]

1. e4 c5 2. Nf3 d6 3. d4 cxd4 4. Nxd4 Nf6 5. Nc3 a6 6. f3 e5 7. Nb3 Be6 8. Be3 Be7 9. Qd2 h5 10. 0-0-0 Nbd7 11. Kb1 Rc8 12. Bd3 0-0 13. Rhg1 b5 14. g4 hxg4 15. fxg4 Nxg4 16. Qg2 g6 17. Bc1 Kg7 18. Ne2 Qb6 19. Rdf1 Rh8 20. h3 Ngf6 21. Rf3 Nh5 22. Ng3 Nxg3 23. Rxg3 Nf8 24. Be3 Qb7 25. Nd2 Bh4 26. Rf3 Qd7 27. Bf1 d5 28. Qe2 Qc6 0-1

[Event "MEX-ch"]
[Site "Pachuca"]
[Date "2024.05.18"]
[Round "7"]
[White "Galaviz Medina, Sion Radamantys"]
[Black "Cori Quispe, Kevin Joel"]
[Result "0-1"]
[WhiteElo "2452"]
[BlackElo "2457"]
[PlyCount "132"]
[EventDate "2024.05.14"]
[EventType "swiss"]
[EventRounds "9"]
[EventCountry "MEX"]
[SourceTitle "CBM 220 Extra"]
[Source "ChessBase"]
[SourceDate "2024.07.31"]
[SourceVersion "1"]
[SourceVersionDate "2024.07.31"]
[SourceQuality "1"]

1. d4 Nf6 2. c4 e6 3. Nf3 Bb4+ 4. Nbd2 d5 5. a3 Be7 6. Qc2 b6 7. e4 dxe4 8. Nxe4 Bb7 9. Bd3 Nbd7 10. 0-0 0-0 11. Rd1 h6 12. Bf4 Nh5 13. Bd2 c5 14. Bc3 Nf4 15. Bf1 f5 16. Ned2 cxd4 17. Bxd4 Qe8 18. g3 Qg6 19. Be3 Nh5 20. Bg2 Rad8 21. Nf1 Be4 22. Qe2 Bf6 23. Rd6 f4 24. Bd4 Bxd4 25. Rxd4 Bxf3 26. Bxf3 fxg3 27. fxg3 Nf4 28. Qe3 Nh3+ 29. Kg2 Ng5 30. Be2 Nc5 31. Rxd8 Rxd8 32. h4 Nf7 33. b4 Qe4+ 34. Qxe4 Nxe4 35. Bg4 e5 36. Re1 Rd4 37. Ne3 Kf8 38. Rd1 Nfd6 39. Rf1+ Nf6 40. Be2 Rd2 41. Re1 Nde4 42. Kf3 Ra2 43. Rd1 Rxa3 44. Rd3 Ra2 45. Nf1 a5 46. bxa5 bxa5 47. Re3 a4 48. c5 a3 49. c6 Ke7 50. Rd3 Nd6 51. Rd1 Rc2 52. Ra1 Rc3+ 53. Kf2 Nde4+ 54. Ke1 Kd6 55. Bb5 Kc7 56. Kd1 Nd5 57. g4 Nb4 58. Nd2 Nxd2 59. Kxd2 Rc2+ 60. Ke3 a2 61. Ke4 Rb2 62. Rf1 Nxc6 63. Bc4 Kd6 64. Rd1+ Kc5 65. Bd3 Nb4 66. Rc1+ Kd6 0-1

[Event "MEX-ch"]
[Site "Pachuca"]
[Date "2024.05.15"]
[Round "2"]
[White "Garcia Guerrero, Isaac Antonio"]
[Black "Galaviz Medina, Sion Radamantys"]
[Result "0-1"]
[WhiteElo "2273"]
[BlackElo "2452"]
[PlyCount "75"]
[EventDate "2024.05.14"]
[EventType "swiss"]
[EventRounds "9"]
[EventCountry "MEX"]
[SourceTitle "CBM 220 Extra"]
[Source "ChessBase"]
[SourceDate "2024.07.31"]
[SourceVersion "1"]
[SourceVersionDate "2024.07.31"]
[SourceQuality "1"]

1. e4 c5 2. Nc3 d6 3. d4 cxd4 4. Qxd4 Nc6 5. Qd2 g6 6. b3 Bh6 7. f4 Nf6 8. Bb2 0-0 9. 0-0-0 Be6 10. Nf3 Rc8 11. Ng5 Bg4 12. Be2 Bxe2 13. Qxe2 e5 14. g3 Nd4 15. Qe1 b5 16. Rxd4 exd4 17. Nxb5 d3 18. c4 a6 19. Nc3 Re8 20. Kb1 Bg7 21. Qd2 h6 22. h4 Qe7 23. Re1 d5 24. cxd5 hxg5 25. hxg5 Nd7 26. e5 Qb4 27. Re4 Qc5 28. Re3 Nxe5 29. fxe5 Bxe5 30. Rxd3 Qg1+ 31. Nd1 Bd6 32. a4 Qf1 33. Ka2 Re2 34. Qa5 Be5 35. Rd2 Rc2 36. Qd8+ Kh7 37. Rxc2 Rxc2 38. Qe7 0-1